Rufino José Cuervo: un hombre al pie de las letras

Saved in:
Bibliographic Details
Main Author: Santos Molano, Enrique (Author)
Format: Book
Language:Spanish
Published: Bogotá Instituto Caro y Cuervo 2006
Series:Filólogos Colombianos, 11
Subjects:
Tags: Add Tag
No Tags, Be the first to tag this record!

MARC

LEADER 00000nam a2200000 a 4500
001 UCI7594
003 CL-VaPUC
008 080710e20060000CK |||||||||||||||||spa|d
082 0 4 |a 924.986  |b SAN  |2 21 
100 0 |a Santos Molano, Enrique  |e author  |9 530856 
245 1 0 |a Rufino José Cuervo: un hombre al pie de las letras 
300 |a 398 p 
942 |c BK 
945 |d 20080710 00:00:00  |a jtorresc 
260 |a Bogotá  |b Instituto Caro y Cuervo  |c 2006 
600 0 7 |a CUERVO, RUFINO JOSE  |2 CL-VaPUC  |9 530857 
650 0 |a Biografías  |9 255210 
650 7 |a FILOLOGOS  |2 CL-VaPUC  |9 530858 
651 0 |a Colombia  |9 256424 
583 |a last modification  |c 20080710 00:00:00  |k Rodrigo Vera 
490 0 |a Filólogos Colombianos, 11 
999 |c 330817  |d 330815 
952 |0 0  |1 0  |4 0  |6 924_986000000000000_SAN_2006  |7 0  |8 A  |9 416656  |a BIBEDU  |b BIBEDU  |d 2019-11-22  |i 4456068  |o 924.986 SAN 2006  |p 4456068  |r 2019-11-22  |w 2019-11-22  |y BK  |k LIT